000 00418nam a2200133Ia 4500
008 100328s9999 xx 000 0 und d
082 _b54199
100 _aकोप्पीकर गौ.रा.
245 _aद्राक्षांची बाग
260 _bउदयम
630 _aद्राक्षांची बाग
730 _aद्राक्षांची बाग
942 _cBOOK
999 _c540919
_d540916